Anticorruption in transition 2 : (Record no. 7522)
[ view plain ]
| 000 -LEADER | |
|---|---|
| fixed length control field | 00851nam a22002292 4500 |
| 001 - CONTROL NUMBER | |
| control field | 0000007533 |
| 005 - DATE AND TIME OF LATEST TRANSACTION | |
| control field | 20151217152031.0 |
| 008 - FIXED-LENGTH DATA ELEMENTS--GENERAL INFORMATION | |
| fixed length control field | 080213s xx 000 0 eng d |
| 020 ## - INTERNATIONAL STANDARD BOOK NUMBER | |
| International Standard Book Number | 0821358081 : |
| Terms of availability | KES |
| 040 ## - CATALOGING SOURCE | |
| Original cataloging agency | KABU |
| Transcribing agency | KABU |
| 100 1# - MAIN ENTRY--PERSONAL NAME | |
| Personal name | Gray, Cheryl. |
| -- | 0000158800 |
| 245 10 - TITLE STATEMENT | |
| Title | Anticorruption in transition 2 : |
| Remainder of title | corruption in enterprise-state interactions in Europe and Central Asia 1999-2002 / |
| Statement of responsibility, etc. | Cheryl Gray, Joel Hellman, Randi Ryterman. |
| 260 ## - PUBLICATION, DISTRIBUTION, ETC. (IMPRINT) | |
| Place of publication, distribution, etc. | Washington, D . C. : |
| Name of publisher, distributor, etc. | World Bank, |
| Date of publication, distribution, etc. | 2004. |
| 300 ## - PHYSICAL DESCRIPTION | |
| Extent | xv, 81 p. |
| 650 #0 - SUBJECT ADDED ENTRY--TOPICAL TERM | |
| Topical term or geographic name as entry element | Political corruption |
| Geographic subdivision | Europe, Eastern. |
| -- | 0000157222 |
| 650 #0 - SUBJECT ADDED ENTRY--TOPICAL TERM | |
| Topical term or geographic name as entry element | Political corruption |
| Geographic subdivision | Former Soviet republics. |
| -- | 0000157223 |
| 700 1# - ADDED ENTRY--PERSONAL NAME | |
| Personal name | Hellman, Joel. |
| -- | 0000158801 |
| 700 1# - ADDED ENTRY--PERSONAL NAME | |
| Personal name | Ryterman, Randi. |
| -- | 0000158802 |
| 908 ## - PUT COMMAND PARAMETER (RLIN) | |
| Put command parameter | 080213 |
| 950 ## - LOCAL HOLDINGS (RLIN) | |
| -- | 1 |
| Withdrawn status | Lost status | Source of classification or shelving scheme | Not for loan | Home library | Current library | Date acquired | Total Checkouts | Full call number | Barcode | Date last seen | Price effective from | Koha item type |
|---|---|---|---|---|---|---|---|---|---|---|---|---|
| Library of Congress Classification | Kabarak, Main Campus | Kabarak, Main Campus | 17/12/2015 | JN96 .A56G73 | 012108 | 17/12/2015 | 17/12/2015 | General Collection |